000 00502nmm a2200169Ia 4500
008 251105s9999||||xx |||||||||||||||||und||
020 _a9788497423304
041 _aspa
100 _aRodríguez Gutiérrez, Borja
245 0 _aAntología del cuento romántico
264 _a[Madrid, España] :
_bBiblioteca Nueva,
_c2008
300 _a432 páginas
490 _aClásicos de Biblioteca Nueva
650 _aSpanish narrative
856 _uhttps://public.digitaliapublishing.com/a/71
942 _cCF
999 _c90280
_d90280